Japanese and western phenomenology

Furkejuvvon:
Bibliográfalaš dieđut
Váldodahkkit: Blosser, Philip (Dahkki), Shimomissé, Eiichhi (Dahkki), Embree, Lester (Dahkki), Kojima, Hiroshi (Dahkki)
Materiálatiipa: Girji
Giella:eaŋgalasgiella
Almmustuhtton: Dordrecht Kluwer Academic Publishers 1993
Ráidu:Contributions to Phenomenology, 12
Fáttát:
Fáddágilkorat: Lasit fáddágilkoriid
Eai fáddágilkorat, Lasit vuosttaš fáddágilkora!

MARC

LEADER 00000nam a2200000 a 4500
001 UCS8956
003 CL-VaPUC
008 971113e19930000ne |||||||||||||||||eng|d
082 0 4 |a 142.7  |b BLO  |2 21 
100 0 |a Blosser, Philip  |e author  |9 393708 
700 0 |a Shimomissé, Eiichhi  |e author  |9 393709 
700 0 |a Embree, Lester  |e author  |9 393710 
700 0 |a Kojima, Hiroshi  |e author  |9 393711 
245 1 0 |a Japanese and western phenomenology 
300 |a 456 p 
942 |c BK 
945 |d 19971113 00:00:00  |a jquezada 
260 |a Dordrecht  |b Kluwer Academic Publishers  |c 1993 
650 7 |a FILOSOFIA JAPONESA  |2 CL-VaPUC  |9 319910 
650 0 |a Fenomenología  |9 256519 
650 7 |a METODO  |2 CL-VaPUC  |9 357004 
650 7 |a CIENCIAS HUMANAS  |2 CL-VaPUC  |9 351082 
583 |a last modification  |c 20171116 06:17:21  |k Rodrigo Vera 
490 0 |a Contributions to Phenomenology, 12 
999 |c 263039  |d 263037 
952 |0 0  |1 0  |4 0  |6 142_700000000000000_BLO_1993  |7 0  |8 A  |9 292119  |a BIBGIM  |b BIBGIM  |d 2019-11-19  |i 3364542  |o 142.7 BLO 1993  |p 3364542  |r 2025-01-15  |w 2019-11-19  |y BK  |k ORI